000 00307nam a2200109Ia 4500
008 200302s9999 xx 000 0 und d
100 _aTraci Rose Rider
245 _aUnderstanding Green Building for Students and Young Professinals
260 _bW.W.Norton &Company Inc.,
260 _c2009
300 _a144 P.,
999 _c2931
_d2931